| 000 | 00483nam a2200157 4500 | ||
|---|---|---|---|
| 008 | 241028b ||||| |||| 00| 0 eng d | ||
| 020 | _a9781506402581 | ||
| 050 |
_a BS2615.2 _b.B37 2015 |
||
| 100 | _a Barker, James | ||
| 245 | _aJohn's use of matthew/ | ||
| 260 |
_a Lanham: _b National Book Network _c2015 |
||
| 300 |
_axix, 150p.: _c23 cm |
||
| 500 | _aincludes bibliographical references and index. | ||
| 650 |
_a Bible _v Bible Criticism, Interpretation |
||
| 942 |
_2lcc _cBK |
||
| 999 |
_c59495 _d59495 |
||